Comentarios sobre el impacto de los desechos sólidos en el ambiente

Bewaard in:
Bibliografische gegevens
Hoofdauteurs: Szanto Narea, Marcel (Auteur), Imperatore Johnston, José (Auteur)
Formaat: Boek
Taal:Spaans
Gepubliceerd in: Santiago Universidad Católica de Valparaíso. Facultad de Ingeniería 1983
Reeks:Monografías, 2
Onderwerpen:
Tags: Voeg label toe
Geen labels, Wees de eerste die dit record labelt!

MARC

LEADER 00000nam a2200000 a 4500
001 UCU6225
003 CL-VaPUC
008 960614e19830000CL |||||||||||||||||spa|d
082 0 4 |a 628.44  |b SZA  |2 21 
100 0 |a Szanto Narea, Marcel  |e author  |9 364403 
700 0 |a Imperatore Johnston, José  |e author  |9 364404 
245 1 0 |a Comentarios sobre el impacto de los desechos sólidos en el ambiente 
246 1 0 |a Modelo para cálculo de volúmenes de tierras en proyectos de carreteras, ferrocarriles y aeropuertos 
300 |a 60 p 
942 |c BK 
945 |d 19960614 00:00:00  |a paguirre 
260 |a Santiago  |b Universidad Católica de Valparaíso. Facultad de Ingeniería  |c 1983 
650 0 |a Ingeniería civil  |9 260076 
650 0 |a Residuos   |9 343036 
650 0 |a Sólidos  |9 260188 
650 0 |a Residuos industriales  |9 261421 
650 0 |a Contaminación del agua  |9 261423 
650 0 |a Contaminación del suelo  |9 338123 
650 7 |a CONTAMINACION  |2 CL-VaPUC  |9 258139 
650 7 |a CONTROL DE LA CONTAMINACION  |2 CL-VaPUC  |9 338077 
650 7 |a PREVENCION DE LA CONTAMINACION  |2 CL-VaPUC  |9 338076 
583 |a last modification  |c 19960614 00:00:00  |k Rodrigo Vera 
490 0 |a Monografías, 2 
999 |c 249241  |d 249239 
952 |0 0  |1 0  |4 0  |6 628_440000000000000_SZA_1983  |7 0  |8 A  |9 266402  |a BIBING  |b BIBING  |d 2019-11-19  |i 1685058  |o 628.44 SZA 1983  |p 1685058  |r 2025-01-20  |w 2019-11-19  |y BK  |k CCL 
952 |0 0  |1 0  |4 0  |6 628_440000000000000_SZA_1983  |7 0  |8 A  |9 266403  |a BIBING  |b BIBING  |d 2019-11-19  |i 1685007  |o 628.44 SZA 1983  |p 1685007  |r 2025-01-20  |w 2019-11-19  |y BK  |k CCL